A teď už navždy /

Main Author: Gaffney, Patricia, 1944-
Other Authors: Klůfová, Petra, 1957-
Language: Czech
Published: Praha : Ikar, 2001
Edition: Vyd.1.
Online Access: Digitalizovaný dokument
Physical Description: 334 s. ; 21 cm
Book
Saved in:
LEADER 01146nam a2200325 a 4500
001 000584919
003 CZ BrMZK
005 20120730152842.0
007 ta
008 020125s2001 xr g f cze d
015 |a cnb001065834 
020 |a 80-7202-973-8 
035 |a (OCoLC)50346618 
040 |a BOA001  |b cze 
041 1 |a cze  |h eng 
072 7 |a 821.111(73)-3  |x Americká próza  |2 Konspekt  |9 25 
080 |a 821.111(73)-31  |2 MRF 
080 |a (0:82-31)  |2 MRF 
100 1 |a Gaffney, Patricia,  |d 1944-  |7 xx0002956  |4 aut 
245 1 0 |a A teď už navždy /  |c Patricia Gaffneyová ; [z anglického originálu přeložila Petra Klůfová] 
250 |a Vyd.1. 
260 |a Praha :  |b Ikar,  |c 2001 
300 |a 334 s. ;  |c 21 cm 
655 7 |a americké romány  |7 fd131796  |2 czenas 
700 1 |a Klůfová, Petra,  |d 1957-  |7 jo2008416199  |4 trl 
765 0 |t Forever & ever 
856 4 1 |u http://www.digitalniknihovna.cz/mzk/uuid/uuid:96feb090-b5a2-11e3-b833-005056827e52  |y Digitalizovaný dokument  |x NDK 
910 |a BOA001  |b 2-1095.563 
990 |a BK 
996 6 |b 2610152633  |c 2-1095.563  |l MZK  |r Sklad / do 1 hodiny  |n 4  |p p.v.  |w 000584919  |u 000010  |a 1  |e BOA001  |j MZK50  |s P